American Mythologies / Marshall Blonsky ;
Αποθηκεύτηκε σε:
| Κύριος συγγραφέας: | |
|---|---|
| Μορφή: | Βιβλίο |
| Έκδοση: |
New York : [United States]
Oxford University Press
1992
|
| Θέματα: | |
| Ετικέτες: |
Προσθήκη ετικέτας
Δεν υπάρχουν, Καταχωρήστε ετικέτα πρώτοι!
|
MARC
| LEADER | 00000nam a22000007a 4500 | ||
|---|---|---|---|
| 020 | |a 0-19-505062-2 | ||
| 100 | |a Blonsky, Marshall |9 1572 | ||
| 245 | |a American Mythologies / Marshall Blonsky ; | ||
| 260 | |a New York : [United States] |b Oxford University Press |c 1992 | ||
| 300 | |a vii-xxx, 517 p. : il. | ||
| 500 | |a Con una apreciación de Umberto Eco | ||
| 500 | |a Incluye índice | ||
| 505 | |a Trabajo se semiótica sobre la cultura estadounidense contemporánea | ||
| 650 | 0 | |a FILOSOFÍA DEL LENGUAJE | |
| 650 | 0 | |a SEMIÓTICA |9 187 | |
| 650 | 0 | |a ÉTICA |9 104 | |
| 650 | 0 | |a ASPECTOS CULTURALES |9 216 | |
| 942 | |c 15 D | ||
| 999 | |c 30971 |d 30971 | ||



